| 000 | 00389nam a22001457a 4500 | ||
|---|---|---|---|
| 020 | _a81-8354-059-7 | ||
| 082 |
_a823 _bARO/M |
||
| 100 | _aARORA | ||
| 245 |
_aTHE MAN MANAGED TO WIN _bFABLES AND OARABLES FOR KIDS |
||
| 246 |
_aTHE MAN MANAGED TO WIN _bFABLES AND OARABLES FOR KIDS |
||
| 260 |
_aDELHI _bARORA BOOK COMPANY |
||
| 520 | _aKIDS STORY | ||
| 650 | _aKIDS STORY | ||
| 942 | _cBK | ||
| 999 |
_c2520 _d2520 |
||